000 00406nam a22001691a 4500
001 6740
003 OSt
005 20260204212101.0
008 060711s1979||||cu ||||||b||||||||||spa||
050 _a863.44 D543c
100 _aDíaz, Jesús
245 _aCanto de amar y de guerra / Jesús Díaz
264 _aCuba : Letras Cubanas
300 _a76 p
650 _aCuentos Cubano I tilÌ
942 _2ddc
_cBK
999 _c6740
_d6740